000 00561nam a2200229Ia 4500
003 OSt
005 20220924151004.0
006 a|||||r|||| 00| 0
007 ta
008 220923b |||||||| |||| 00| 0 tel d
024 _a335496
037 _cTextual
040 _aARTS
_cARTS
_btel
041 _2tel
_atel
082 _aO35,3N46,2, M1
100 _aDasaradh
_9223357
245 0 _aCheekati chedrindi
260 _c1981
650 _aTELUGU FICTION
942 _hO35,3N46,2, M1
_cTEXL
_2CC
999 _c465200
_d465200